00437cam a2200157ua 45000010005000000080039000050400009000440820013000531000031000662450060000972500009001572600032001663000017001986530024002156530040002393418111111n ii |||gr||||Z||||||asm cMAIN a891.4514 aBorkataky, Biren,eAuthor.11aAsamiya sahitya sanskritir duti aticby Biren Borkataky a1st. aGuwahati:bDeka agency,970. a144p:c23cm. aAssamese literature aAsamiya sahitya sanskritir duti ati